000
00266nam a2200109Ia 4500
008
190914s9999||||xx |||||||||||||| ||und||
100
_a
Meeta Gupta
245
0
_a
Storage Area Network Fundamentals
260
_a
New york
_b
Prentice
_c
1995
300
_a
208
942
_c
BK
999
_c
8764
_d
8764